Manual sobre la Ley de Morosidad. Una oportunidad perdida

Detalles Bibliográficos
Autor principal: Vz̀quez Torres, ℓngel Luis
Otros Autores: Carbajo Vasco, Domingo
Formato: eBook
Lenguaje:español
Publicado: Barcelona: Ediciones Experiencia, 2011
Materias:
Acceso en línea:Acceso restringido

MARC

LEADER 00000nam a22000007a 4500
005 2014041601501.0
007 cr|||| ||||
008 140416s2011 es |||||s|||| 00||0 spa d
035 |a 11877 
040 |a vLex 
090 |c 4790  |d 4790 
100 1 |a Vz̀quez Torres, ℓngel Luis 
245 1 0 |a Manual sobre la Ley de Morosidad. Una oportunidad perdida  |h [Recurso electrn̤ico] /  |c ℓngel Luis Vz̀quez Torres, Domingo Carbajo Vasco 
256 |a Servicio en ln̕ea 
260 |a Barcelona:  |b Ediciones Experiencia,  |c 2011 
300 |a 1 recurso electrn̤ico 
500 |a Esta obra elabora un anl̀isis prc̀tico del nuevo texto legal, las implicaciones fiscales de la morosidad, el deber de informacin̤ sobre los plazos de pago de las Administraciones Pb︢licas y un capt̕ulo donde a travš del mťodo de preguntas y respuestas se clarifican las dudas surgidas sobre la aplicacin̤ de la nueva Ley. 
506 1 |a Disponible solo en los productos indicados  |d vLex Global  |d vLex Global (Academic Edition, excluding Law Schools)  |d vLex Global (U.S. Academic Edition, Law Schools)  |d vLex Global (U.S. Academic Edition, excluding Law Schools)  |d vLex Global (Academic Edition, Law Schools) 
650 0 4 |a Derecho Mercantil y de la Empresa  |z Espaą 
700 1 |a Carbajo Vasco, Domingo 
740 0 |a vLex Libros (Servicio en ln̕ea) 
856 4 0 |u http://vlex.com/source/manual-sobre-la-ley-de-morosidad-una-oportunidad-perdida-11877  |z Acceso restringido 
942 |c BOOK 
999 0 |a Commercial Law and Business